Datum a čas kvízu
24
Celkem bodů
Celkový počet nahraných bodů na tomto kvízu bez doplňovacích otázek.
5.
Pořadí na kvízu
Konečné umístění týmu na tomto kvízu.
Zaznamenané odpovědi
| # | Otázka | Odpověď | Body | Výsledky |
|---|---|---|---|---|
| 1. | Na sedmém kilometru dálnice D1... | tramvaj | 1 | |
| 2. | Senát jednoho státu na jihu US... | Alabama | 1 | |
| 3. | Jak se nazývá kapela, která re... | Lake Malawi, Albert Černý | 1 | |
| 4. | Čínská společnost Xiaomi přišl... | v automatu | 0 | |
| 5. | Jak se jmenuje útočník týmu Da... | Radek Faksa | 0 | |
| 6. | Volby do Evropského parlamentu... | čtvrté | 0 | |
| 7. | Z výsledků voleb vzejde i nový... | Jan Zahradil | 1 | |
| 8. | Přiřaďte lídry kandidátek k je... | 1B 2C 3D 4A | 1 | |
| 9. | Ve francouzském Štrasburku síd... | Rada Evropy | 0 | |
| 10. | Jedenatřicetiletý kandidát nov... | Tinder | 0 |